• 首页
  • 本馆介绍
  • 公告通知
  • 最新文献
  • 馆藏检索
  • 电子资源
  • 读者导购
  • 参考咨询
  • 我的图书馆
  • 登录
  • 详细信息显示
  • 放入我的书架
  • 预约/预借图书
  • 作者相关作品
  • 分类相关作品
  • 丛书相关作品
  • 出版社相关作品

书目信息

  • 表格格式
  • 工作单格式
  • 卡片格式
题名:
都市幸福菜·美食家庭味
    
 
作者: 神野佳奈子 著 ;周小燕 译
分册:  
出版信息: 北京   新世界出版社  2014
页数: 92页
开本: 26cm
丛书名:
单 册:
中图分类: TS972.183.13 , TS972.18
科图分类:
主题词: 食谱--日本
电子资源:
ISBN: 978-7-5104-3909-4
000 01049nam0 2200265 450
001 2352198305
005 20231224143029.62
010    @a978-7-5104-3909-4@d35.00CNY
100    @a20150122d2014 em y0chiy0120 ea
101 1  @achi@cjpn
102    @aCN@b110000
105    @aa z 000yy
200 1  @a都市幸福菜·美食家庭味@Adu shi xing fu cai · mei shi jia ting wei@b专著@e锡纸和保鲜膜制作的超级美味@f(日)神野佳奈子著@g周小燕译
210    @a北京@c新世界出版社@d2014
215    @a92页@c彩图,彩照@d26cm
305    @a日本靓丽出版社授权出版
330    @a本书以锡纸、保鲜膜为主要烹饪道具,在介绍锡纸、保鲜膜烹饪常识及适合的菜品的基础上,介绍了100款美味菜肴的制作方法,解说步骤简单易懂,方便读者迅速上手。
517 1  @a锡纸和保鲜膜制作的超级美味@Axi zhi he bao xian mo zhi zuo de chao ji mei wei
606 0  @a食谱@y日本
690    @aTS972.183.13@v5
690    @aTS972.18@v4
701  0 @c(日)@a神野佳奈子@Ashen ye jia nai zi@f(1982 )@4著
702  0 @a周小燕@Azhou xiao yan@4译
801  2 @aCN@b辽宁北配@c20231205
905    @aBZT@dTS972.18@e23
    
    都市幸福菜·美食家庭味:锡纸和保鲜膜制作的超级美味/(日)神野佳奈子著/周小燕译.-北京:新世界出版社,2014
    92页:彩图,彩照;26cm
    
    
    ISBN 978-7-5104-3909-4:35.00CNY
    本书以锡纸、保鲜膜为主要烹饪道具,在介绍锡纸、保鲜膜烹饪常识及适合的菜品的基础上,介绍了100款美味菜肴的制作方法,解说步骤简单易懂,方便读者迅速上手。
●
相关链接 在五车中查询图书 在当当中查询图书 在豆瓣中查询图书


正题名:都市幸福菜·美食家庭味     索取号:TS972.18/23         预约/预借

序号 登录号 条形码 馆藏地/架位号 状态 备注
1 2001700466   2001700466   辽三/辽宁北配(第三批)/3936/ [索取号:TS972.18/23] 在馆    
2 2001700467   2001700467   辽三/辽宁北配(第三批)/3936/ [索取号:TS972.18/23] 在馆    
3 2001700468   2001700468   辽三/辽宁北配(第三批)/3936/ [索取号:TS972.18/23] 在馆    
4 2001700469   2001700469   辽三/辽宁北配(第三批)/3936/ [索取号:TS972.18/23] 在馆    
5 2001700470   2001700470   辽三/辽宁北配(第三批)/3936/ [索取号:TS972.18/23] 在馆    
6 2001700471   2001700471   辽三/辽宁北配(第三批)/3936/ [索取号:TS972.18/23] 在馆    
7 2001700472   2001700472   辽三/辽宁北配(第三批)/3936/ [索取号:TS972.18/23] 在馆    
8 2001700473   2001700473   辽三/辽宁北配(第三批)/3936/ [索取号:TS972.18/23] 在馆    
9 2001700474   2001700474   辽三/辽宁北配(第三批)/3936/ [索取号:TS972.18/23] 在馆    
10 2001700475   2001700475   辽三/辽宁北配(第三批)/3936/ [索取号:TS972.18/23] 在馆    
11 2001700476   2001700476   辽三/辽宁北配(第三批)/3936/ [索取号:TS972.18/23] 在馆    
12 2001700477   2001700477   辽三/辽宁北配(第三批)/3936/ [索取号:TS972.18/23] 在馆    
13 2001700478   2001700478   辽三/辽宁北配(第三批)/3936/ [索取号:TS972.18/23] 在馆    
14 2001700479   2001700479   辽三/辽宁北配(第三批)/3936/ [索取号:TS972.18/23] 在馆    
15 2001700480   2001700480   辽三/辽宁北配(第三批)/3936/ [索取号:TS972.18/23] 在馆    
16 2001700481   2001700481   辽三/辽宁北配(第三批)/3936/ [索取号:TS972.18/23] 在馆    
17 2001700482   2001700482   辽三/辽宁北配(第三批)/3936/ [索取号:TS972.18/23] 在馆    
18 2001700483   2001700483   辽三/辽宁北配(第三批)/3936/ [索取号:TS972.18/23] 在馆    
19 2001700484   2001700484   辽三/辽宁北配(第三批)/3936/ [索取号:TS972.18/23] 在馆    
20 2001700485   2001700485   辽三/辽宁北配(第三批)/3936/ [索取号:TS972.18/23] 在馆    
21 2001700486   2001700486   辽三/辽宁北配(第三批)/3936/ [索取号:TS972.18/23] 在馆    
22 2001700487   2001700487   辽三/辽宁北配(第三批)/3936/ [索取号:TS972.18/23] 在馆    
23 2001700488   2001700488   辽三/辽宁北配(第三批)/3936/ [索取号:TS972.18/23] 在馆    
24 2001700489   2001700489   辽三/辽宁北配(第三批)/3936/ [索取号:TS972.18/23] 在馆    
25 2001700490   2001700490   辽三/辽宁北配(第三批)/3936/ [索取号:TS972.18/23] 在馆    
26 2001700491   2001700491   辽三/辽宁北配(第三批)/3936/ [索取号:TS972.18/23] 在馆    
27 2001700492   2001700492   辽三/辽宁北配(第三批)/3936/ [索取号:TS972.18/23] 在馆    
28 2001700493   2001700493   辽三/辽宁北配(第三批)/3936/ [索取号:TS972.18/23] 在馆    
29 2001700494   2001700494   辽三/辽宁北配(第三批)/3936/ [索取号:TS972.18/23] 在馆    
山东省滨州职业学院图书馆 欢迎您!
大连网信软件有限公司© 版权所有